000 01033nam a2200493Ia 4500
001 2241
003 4630
005 20241001062606.0
008 ||||||n9999 ||| || ||
020 _a8420621072
041 _aspa
082 _219
_a321.4
100 _aRodriguez Adrados, Francisco
_94394
245 0 _aLa democracia ateniense
250 _aSegunda edición
260 _aEspaña :
_bALIA1,
_c1980.
300 _a467p
490 _aAlianza Universidad
_v107
562 _e2
650 _aATENAS (GRECIA)
_94395
650 0 _aDemocracia
_91445
942 _cBKM
942 _cBKM
999 _c2241
_d2241
526 _a17598
526 _a102617
526 _a102618
526 _a15794
526 _a102619
526 _a102620
526 _a10406
526 _a105630
526 _a1698
526 _a116204
526 _a4969
526 _a19790
526 _a104436
526 _a5144
526 _a51868
526 _a3899
526 _a9683
526 _a
526 _a1703
526 _a1697